|
|
|
|
| LEADER |
000000am a2200000 a 4500 |
| 001 |
Asi432 |
| 005 |
20230308174648.0 |
| 008 |
008021|2006 ||||||||r|||||||||||spa|| |
| 020 |
|
|
|a 8434222248
|
| 040 |
|
|
|b spa
|
| 041 |
0 |
|
|a Es
|
| 082 |
0 |
|
|a 741
|b C978c
|
| 245 |
1 |
1 |
|a Curso completo de dibujo y pintura
|h imp
|
| 264 |
|
|
|b Parramon
|c 2006
|
| 300 |
|
|
|a 287páginas:
|
| 520 |
3 |
|
|a En esta obra va ha encontrar todos los conocimientos, tanto teóricos como prácticos, que necesita para aprender facilmente a dibujar y pintar
|
| 650 |
1 |
|
|a Curso de dibujo
|9 78927
|
| 650 |
1 |
|
|a Curso de pintura
|9 78928
|
| 650 |
1 |
|
|a Dibujo
|9 2149
|
| 650 |
1 |
|
|a Pintura
|9 1426
|
| 852 |
|
|
|a UC-YANUNCAY
|c SALA 2 ARTES
|f Donación
|k esthela.duran
|l 1
|m General
|p 20080212
|t Asi432
|b 0
|d CDRY
|e CDRY
|g 741 C978c SALA 2 ARTES
|z 2008-80-21
|
| 942 |
|
|
|c BK
|
| 999 |
|
|
|c 47364
|d 47364
|